000 00818cab a2200265 4500
001 WB3344-19
008 090401t1997 xxu||||| |||| 00| 0 eng d
035 _a(Sirsi) u82044
041 _aeng
245 _aPortfolio costs cut
260 _c1997
350 _a0
490 _aEstates Gazette
_v(9745) 8 November 1997, 57(1)
520 _aA research report by KPMG and consultants Barber White indicates that quoted property companies are cutting costs and running their portfolios more efficiently. Graph.
650 _aBARBER WHITE
650 _aKPMG
650 _aPORTFOLIOS
650 _aPROPERTY ASSETS
650 _aPROPERTY INCOME
650 _aPROPERTY INVESTMENT
650 _aPROPERTY PORTFOLIOS
690 _aPROPERTY-PROPERTY FINANCE AND INVESTMENT
942 _n0
948 _c13/11/1997
999 _c51738
_d51738